Chronicles of a million dollar trader (Record no. 85059)

MARC details
000 -LEADER
fixed length control field 00665nam a22002177a 4500
003 - CONTROL NUMBER IDENTIFIER
control field URS
005 - DATE AND TIME OF LATEST TRANSACTION
control field 20250828100515.0
008 - FIXED-LENGTH DATA ELEMENTS--GENERAL INFORMATION
fixed length control field 250327b ||||| |||| 00| 0 eng d
040 ## - CATALOGING SOURCE
Transcribing agency URS
050 ## - LIBRARY OF CONGRESS CALL NUMBER
Classification number HG4661
Item number .M55 2013
100 ## - MAIN ENTRY--PERSONAL NAME
9 (RLIN) 11797
Personal name Miller, Don
245 ## - TITLE STATEMENT
Title Chronicles of a million dollar trader
Remainder of title My road, valleys, and peaks to final trading victory
264 ## - PRODUCTION, PUBLICATION, DISTRIBUTION, MANUFACTURE, AND COPYRIGHT NOTICE
Place of production, publication, distribution, manufacture Hoboken
Name of producer, publisher, distributor, manufacturer Wiley
Date of production, publication, distribution, manufacture, or copyright notice ©2013
336 ## - CONTENT TYPE
Source rdacontent
Content type term text
337 ## - MEDIA TYPE
Source rdamedia
Media type term unmediated
338 ## - CARRIER TYPE
Source rdacarrier
Carrier type term volume
650 #0 - SUBJECT ADDED ENTRY--TOPICAL TERM
9 (RLIN) 11798
Topical term or geographic name entry element Stocks.
650 #0 - SUBJECT ADDED ENTRY--TOPICAL TERM
9 (RLIN) 2142
Topical term or geographic name entry element Investments
650 #0 - SUBJECT ADDED ENTRY--TOPICAL TERM
9 (RLIN) 11782
Topical term or geographic name entry element BUSINESS & ECONOMICS
General subdivision Investments & Securities -- General.
942 ## - ADDED ENTRY ELEMENTS (KOHA)
Source of classification or shelving scheme Library of Congress Classification
Koha item type Continuing Resources
Holdings
Withdrawn status Source of classification or shelving scheme Damaged status Not for loan Collection code Home library Current library Date acquired Total Checkouts Full call number Barcode Date last seen Price effective from Koha item type
  Library of Congress Classification     Non-fiction Morong Graduate Library Morong Graduate Library 03/27/2025   HG4661 .M55 2013 URSMOR-GL-5620 03/27/2025 03/27/2025 Continuing Resources

University of Rizal System
Email us at univlibservices@urs.edu.ph

Visit our Website www.urs.edu.ph/library